Szczegóły MARC21

Lekkoatletyka. [2], Skoki, rzuty, wieloboje /

003 -Nazwa inst., której nr kontr. jest w polu 001 [,]
    • @
    • Nazwa instytucji, której n kontrolny jest w polu 001
    • NUKAT
005 -DATA I CZAS OSTATNIEJ MODYFIKACJI [,]
    • @
    • pole kontrolne
    • 20241231094049.0
020 -Międzynarod. znormalizowany nr książki - ISBN [ , ]
    • a
    • Numer ISBN
    • 8385968768 Find
040 -Instytucja sporządzająca opis [ , ]
    • a
    • Instytucja, która sporządziła opis (NP)
    • KR 122/DP
    • c
    • Instytucja, która sporządziła rekord (NP)
    • KR 122/DP
    • d
    • Instytucja, która zmodyfikowała rekord (P)
    • KR 122/MN
942 -Rodzaj dokumentu [ , ]
    • c
    • Rodzaj dokumentu
    • Książka
245 -Strefa tytułu i oznaczenia odpowiedzialności [0,0]
    • a
    • Tytuł
    • Lekkoatletyka. Find
    • n
    • Oznaczenie części (P)
    • [2],
    • p
    • Nazwa części (P)
    • Skoki, rzuty, wieloboje /
    • c
    • Pozostałe elementy strefy tytułu i oznaczenia odpowiedzialności (NP)
    • pod red. Zbigniewa Mroczyńskiego ; Akademia Wychowania Fizycznego im. Jędrzeja Śniadeckiego w Gdańsku.
260 -Strefa adresu wydawniczego [ , ]
    • a
    • Miejsce wydania (P)
    • Gdańsk :
    • b
    • Nazwa wydawcy (P)
    • Wydawnictwo Uczelniane,
    • c
    • Data wydania (P)
    • cop. 1995.
300 -Strefa opisu fizycznego [ , ]
    • a
    • Określenie formy książki i/lub objętość (NP)
    • 691, [3] s. :
    • b
    • Oznaczenie ilustracji (NP)
    • il. ;
    • c
    • Format (NP)
    • 23 cm.
336 -Typ zawartości [ , ]
    • a
    • Termin opisujący typ zawartości
    • Tekst
    • b
    • Kod określający zawartość
    • txt
    • 2
    • Źródło (terminu i kodu)
    • rdacontent
337 -Typ mediów [ , ]
    • a
    • Tryb odtwarzania
    • Bez urządzenia pośredniczącego
    • b
    • Kod typu mediów
    • n
    • 2
    • Źródło (terminu i kodu)
    • rdamedia
338 -Typ/rodzaj nośnika [ , ]
    • a
    • Hasło opisujące typ nośnika
    • Wolumin
    • b
    • Kod typu nośnika
    • nc
    • 2
    • Źródło (terminu i kodu)
    • rdacarrier
504 -Uwaga dot. bibliogr. załącznikowej [ , ]
    • a
    • Uwaga dot. bibliografii załącznikowej
    • Bibliogr. przy rozdz.
080 -Uniwersalna Klasyfikacja Dziesiętna [ , ]
    • 2
    • Identyfikator wydania tablic
    • UDC-P058
    • 9
    • UKD
    • 17604
    • a
    • Symbol klasyfikacji
    • 796.42/.43.015
    • b
    • Dopowiedzenie
    • Lekkoatletyka. Chód sportowy. Biegi. Skoki. Rzuty. Pchnięcie kulą. - Trening. Przygotowanie sportowe.
980 -Symbol UKD [ , ]
    • a
    • UKD
    • 796.42/.43.015
700 -Hasło dodatkowe - nazwa osobowa [1, ]
    • a
    • Nazwa osobowa (NP)
    • Mroczyński, Zbigniew. Find
    • e
    • Określenie rodzaju współpracy
    • Red.
    • 9
    • KHW
    • 491879
710 -Hasło dodatkowe - nazwa ciała zbiorowego [2, ]
    • a
    • Nazwa ciała zbiorowego lub nazwa geograficzna jako pierwszy element (NP)
    • Akademia Wychowania Fizycznego im. Jędrzeja Śniadeckiego (Gdańsk).
    • b
    • Nazwa jednostki podrzędnej (P)
    • Wydawnictwo Uczelniane AWF.
    • 4
    • Kod relacji
    • pbl
    • 9
    • KHW
    • 78353
920 -ISBN [ , ]
    • a
    • ISBN
    • 83-85968-76-8 Find
Numer inwentarzowy Data inwentaryzacji Lokalizacja Status udost. Sygnatura
W.1927232011-01-26BG-3W.192723
W.1927242011-01-26BG-3W.192723
W.1927252011-01-26BG-3W.192723
W.1927262011-01-26BG-3W.192723
W.1942462011-01-26BG-3W.192723
Z.900062011-01-26BG1 
WF.5301 BM2 
WF.5300 BM1Lekkoatletyka 04